Central Library OPAC University of Rajshahi

শিক্ষা পরিভাষা / (Record no. 59880)

MARC details
000 -LEADER
fixed length control field 00862nam a2200253 a 4500
001 - CONTROL NUMBER
control field 59880
003 - CONTROL NUMBER IDENTIFIER
rucl marc code BD-RjUL
005 - DATE AND TIME OF LATEST TRANSACTION
control field 20211209080758.0
008 - FIXED-LENGTH DATA ELEMENTS--GENERAL INFORMATION
fixed length control field 161227s1985 bg ||||| |||| 00| 0 ben d
020 ## - INTERNATIONAL STANDARD BOOK NUMBER
Terms of availability : Tk. 12.00
035 ## - SYSTEM CONTROL NUMBER
System control number (BD-RjUL) 60004
040 ## - CATALOGING SOURCE
Original cataloging agency BD-RjUL
Language of cataloging ben
Transcribing agency BD-RjUL
041 ## - LANGUAGE CODE
Language code of text/sound track or separate title eng
Language code of text/sound track or separate title ben
082 ## - DEWEY DECIMAL CLASSIFICATION NUMBER
Edition number 23
Classification number 370.3
Author mark and year HAS 1985
100 1# - MAIN ENTRY--PERSONAL NAME
Personal name হক, শামসুল
9 (RLIN) 178158
245 10 - TITLE STATEMENT
Title শিক্ষা পরিভাষা /
Statement of responsibility, etc. শামসুল হক, শাহজাহান তপন
260 ## - PUBLICATION, DISTRIBUTION, ETC. (IMPRINT)
Place of publication, distribution, etc. ঢাকা :
Name of publisher, distributor, etc. বাংলা একাডেমী,
Date of publication, distribution, etc. ১৯৮৫
300 ## - PHYSICAL DESCRIPTION
Pagination ৪৯ পৃ. ;
Size ১৯ সেমি.
650 ## - SUBJECT ADDED ENTRY--TOPICAL TERM
Topical term or geographic name as entry element শিক্ষা
General subdivision অভিধান
9 (RLIN) 170376
Topical term or geographic name as entry element Education
General subdivision Dictionaries
9 (RLIN) 178159
700 ## - ADDED ENTRY--PERSONAL NAME
Personal name তপন,শাহজাহান
942 ## - ADDED ENTRY ELEMENTS (KOHA)
Source of classification or shelving scheme Dewey Decimal Classification
Koha item type Books
Holdings
Lost status Source of classification or shelving scheme Damaged status Not for loan Collection code Permanent Location Current Location Shelving location Date acquired Source of acquisition Total Checkouts Full call number Date last seen Copy number Koha item type
  Dewey Decimal Classification   Not For Loan Non-fiction Central Library, University of Rajshahi Central Library, University of Rajshahi Reading Room 27/09/1992 Bangla Academy, Dhaka   B 370.3 HAS 1985 27/12/2016 C-1 Books